000 00949cam a2200301 a 4500
001 1196067
003 OSt
005 20230602105011.0
008 980312s1997 ke b 000 0 eng
010 _a 97950135
040 _aDLC
_cDLC
042 _alcode
043 _af-ke---
082 0 0 _a323.44
_bRUT
100 1 _aRuteere, Mutuma.
245 1 0 _aShackled messengers :
_bthe media in multiparty Kenya.
260 _a[Nairobi, Kenya] :
_bKenya Human Rights Commission,
_c1997.
300 _av, 54 p. ;
_c21 cm.
500 _aCover title.
500 _a"The report was written by Mutuma Ruteere ..."--Acknowledgements.
504 _aIncludes bibliographical references.
650 0 _aPress
_zKenya.
650 0 _aFreedom of the press
_zKenya.
710 2 _aKenya Human Rights Commission.
906 _a7
_bcbc
_corigode
_d3
_encip
_f19
_gy-gencatlg
942 _2ddc
_cBK
999 _c70
_d70